| 000 | 00410nam a2200157 a 4500 | ||
|---|---|---|---|
| 001 | 2840 | ||
| 003 | CDMR | ||
| 005 | 20131011135738.0 | ||
| 008 | 130130s1926||||||||||||||||||||||||||||d | ||
| 040 |
_aCDMR _bcat _cCDMR |
||
| 100 | 1 |
_aPardo Villar, Ezequiel _92093 |
|
| 245 | 1 | 0 | _aMemoria de la Asociación de la Prensa de Huelva |
| 260 |
_a[Huelva] _c1926 _bDiario de Huelva |
||
| 300 | _a54 p. | ||
| 942 |
_cFULLET _2udc |
||
| 999 |
_c2840 _d2840 |
||